| 000 | 00497nam a2200157 a 4500 | ||
|---|---|---|---|
| 008 | 120416s1961 xx |||||||||||||| || u | ||
| 050 | _aTD 791 Dav | ||
| 100 | _aDavies, Alfred George | ||
| 245 | 1 | 0 | _aPublic cleansing |
| 246 | _apresent and future | ||
| 260 | _c1961 | ||
| 350 | _a0.00 | ||
| 650 | _aSOLID WASTE | ||
| 650 | _aREFUSE COLLECTION | ||
| 995 |
_D0.00 _FCBU-MAIN LIBRARY (Kitwe) _H1 _I2.25 _M1 _UDAMAGED _ZMain Library Open Access Collection |
||
| 999 |
_c55261 _d55261 |
||